000 00736nam a2200265Ia 4500
001 Z_5000
003 CHAP
005 20221014150054.0
007 ta
008 220113s1994 xx 000 0 und d
010 _a168056
040 _cCHAP
082 _a519.5
_bS3
100 1 _aSahagún Castellanos, Jaime
_9101191
245 1 0 _aEstadística descriptiva y probabilidad :
_buna perspectiva biológica /
_cpor Jaime Sahagún Castellanos
260 _aChapingo, Méx. :
_bDirección General de Patronato Universitario,
_c1994
300 _a341 páginas
650 1 _aEstadística
_938241
650 1 _aProbabilidades
_991687
901 _a519.5 S3
902 _aA
910 _a1994
942 _cLIBRO
_2ddc
942 _2ddc
999 _c168056
_d168056